Opravné a dodatočné daňové priznanie právnických osôb

Podávanie opravného daňového priznania právnických osôb. Za opravné sa považuje daňové priznanie podané v lehote na podanie daňového priznania, ktoré mení (opravuje) pôvodnú daňovú povinnosť priznanú daňovníkom. Opravné daňové priznanie. Dodatočné daňové priznanie. Vzor vyplneného tlačiva.

Salvato in:
Dettagli Bibliografici
Autore principale: Michňová, Angela
Natura: Capitolo di libro
Lingua:slovacco
Soggetti:
Tags: Aggiungi Tag
Nessun Tag, puoi essere il primo ad aggiungerne!!

MARC

LEADER 00000naa a2200000 4500
001 r048082
005 20231003090051.5
041 0 |a slo 
044 |a SK 
245 1 0 |a Opravné a dodatočné daňové priznanie právnických osôb  |c Angela Michňová 
520 |a Podávanie opravného daňového priznania právnických osôb. Za opravné sa považuje daňové priznanie podané v lehote na podanie daňového priznania, ktoré mení (opravuje) pôvodnú daňovú povinnosť priznanú daňovníkom. Opravné daňové priznanie. Dodatočné daňové priznanie. Vzor vyplneného tlačiva. 
610 2 0 |a priznania daňové 
610 2 0 |a dane z príjmov 
610 2 0 |a osoby právnické 
610 2 0 |a daňovníci 
100 1 |a Michňová, Angela